Catálogo

ORGANIZATIONAL BEHAVIOR : (Registro nro. 46049)

Detalles MARC
000 -LEADER
fixed length control field 01027nam a2200205 a 4500
001 - CONTROL NUMBER
control field 46049
005 - DATE AND TIME OF LATEST TRANSACTION
control field 20180714025453.0
008 - FIXED-LENGTH DATA ELEMENTS--GENERAL INFORMATION
fixed length control field 140415s2001 000 0 spa d
020 ## - INTERNATIONAL STANDARD BOOK NUMBER
International Standard Book Number 0130176109
041 ## - LANGUAGE CODE
Language code of text/sound track or separate title spa
082 ## - DEWEY DECIMAL CLASSIFICATION NUMBER
Classification number 158.7
Item number OSL
100 1# - MAIN ENTRY--PERSONAL NAME
Personal name OSLAND, JOYCE S.
245 10 - TITLE STATEMENT
Title ORGANIZATIONAL BEHAVIOR :
Remainder of title AN EXPERIENTIAL APPROACH
250 ## - EDITION STATEMENT
Edition statement 7ed.
260 ## - PUBLICATION, DISTRIBUTION, ETC.
Place of publication, distribution, etc. [s.l.] :
Name of publisher, distributor, etc. PRENTICE-HALL, INC.,
Date of publication, distribution, etc. 2001
300 ## - PHYSICAL DESCRIPTION
Extent 570
Dimensions 21.6 x 2.1 x 27.5
520 ## - SUMMARY, ETC.
Summary, etc. ESTE LIBRO SE ENFOCA EN EJERCICIOS, TECNICAS DE ANALISIS-SEGURO Y FORMAS DE TRABAJO PARA HACER LAS PAUTAS DEL COMPORTAMIENTO DE LA CIENCIA SIGNIFICATIVO Y RELEVANTE PARA SER PRACTICADO POR LOS ADMINISTRADORES O GERENTES Y LOS ESTUDIANTES. EL LIBRO PRETENDE COMUNICAR ALGO DE CONOCIMIENTO SOBRE PRINCIPIOS GENERALES DE PSICOLOGIA Y ALGUNAS TECNICAS PARA APLICAR ESE CONOCIMIENTO EN SITUACIONES SOCIALES Y ORGANIZACIONALES.
650 14 - SUBJECT ADDED ENTRY--TOPICAL TERM
Topical term or geographic name entry element COMPORTAMIENTO ORGANIZACIONAL
General subdivision PSICOLOGIA INDUSTRIAL
700 1# - ADDED ENTRY--PERSONAL NAME
Personal name KOLB, DAVID A. -RUBIN, IRWIN M.
Relator term coaut.
Existencias
Withdrawn status Lost status Source of classification or shelving scheme Damaged status Not for loan Collection code Home library Current library Shelving location Date acquired Source of acquisition Inventory number Total Checkouts Full call number Barcode Date last seen Date last checked out Price effective from Koha item type
    Dewey Decimal Classification     General Biblioteca Karol Wojtyla Biblioteca Karol Wojtyla Sala general 03/12/2013 Compra 151000000000000000063391   158.7 OSL 69080 05/01/2026 17/07/2015 03/12/2013 Libro
    Dewey Decimal Classification     General Biblioteca Karol Wojtyla Biblioteca Karol Wojtyla Sala general 03/12/2013 Compra 151000000000000000063390   158.7 OSL 69079 05/01/2026   03/12/2013 Libro